Quiz sul Lussemburgo - Statistics

Statistiche generali
  • Questo quiz è stato fatto 1.273 volte
  • Il punteggio medio è 10 su 17
Statistiche sulle risposte
Domanda Risposta % Corretto
Lingue ufficiali Francese
99%
Capitale Lussemburgo
98%
Valuta Euro
97%
Lingue ufficiali Tedesco
97%
Lussemburgo è definito un "paradiso _______" Fiscale
79%
Concorso canoro vinto cinque volte dal Lussemburgo Eurovision
69%
Valuta precedente Franco
63%
Nome che riunisce Belgio, Lussemburgo, e i Paesi Bassi Benelux
61%
Lingue ufficiali Lussemburghese
59%
Lussemburgo è diviso in 12 Cantoni
53%
Impero di cui il Lussemburgo ha fatto parte dal 962 al 1795 Sacro Romano Impero
50%
Lussemburgo è la quarta nazione per _________ al mondo, appena prima di Singapore Ricchezza
41%
Titolo ufficiale del sovrano Granduca
30%
Regione forestale attraversata dall'esercito tedesco per invadere la Francia nel 1940 Ardenne
26%
Fiume che forma il confine sud-orientale Mosella
18%
Attuale sovrano Guglielmo
16%
Istituzione dell'Unione Europea con sede in Lussemburgo Corte di Giustizia
15%
Nessun quiz corrispondente trovato
Distribuzione punteggi
Percentuale di utenti per punteggio
Percentile per numero di risposta
I tuoi punteggi nel tempo
Non hai fatto questo quiz